Spanish-English/English-Spanish beginner's dictionary : (Record no. 363394)
[ view plain ]
| 000 -LEADER | |
|---|---|
| fixed length control field | 00600nam a2200217Ia 4500 |
| 008 - FIXED-LENGTH DATA ELEMENTS--GENERAL INFORMATION | |
| fixed length control field | 200601s9999 xx 000 0 und d |
| 020 ## - INTERNATIONAL STANDARD BOOK NUMBER | |
| International Standard Book Number | 978-0-7641-3968-0 |
| 050 ## - LIBRARY OF CONGRESS CALL NUMBER | |
| Classification number | REF PC 4828 |
| 050 ## - LIBRARY OF CONGRESS CALL NUMBER | |
| Item number | .L57 2009 |
| 100 ## - MAIN ENTRY--PERSONAL NAME | |
| Personal name | Lipton, Gladys |
| 245 #0 - TITLE STATEMENT | |
| Title | Spanish-English/English-Spanish beginner's dictionary : |
| 245 #2 - TITLE STATEMENT | |
| Remainder of title | a beginner's guide in words and pictures / |
| 245 #0 - TITLE STATEMENT | |
| Statement of responsibility, etc | Gladys Liptopn |
| 250 ## - EDITION STATEMENT | |
| Edition statement | 4th Edition |
| 260 ## - PUBLICATION, DISTRIBUTION, ETC. (IMPRINT) | |
| Place of publication, distribution, etc | New York : |
| 260 ## - PUBLICATION, DISTRIBUTION, ETC. (IMPRINT) | |
| Name of publisher, distributor, etc | Barron's Educational Series, Inc. |
| 260 ## - PUBLICATION, DISTRIBUTION, ETC. (IMPRINT) | |
| Date of publication, distribution, etc | 2009 |
| 300 ## - PHYSICAL DESCRIPTION | |
| Extent | 449 pages : |
| 300 ## - PHYSICAL DESCRIPTION | |
| Other physical details | illustrations ; |
| 300 ## - PHYSICAL DESCRIPTION | |
| Dimensions | 20 cm. |
| Withdrawn status | Lost status | Damaged status | Home library | Current library | Shelving location | Date acquired | Cost, normal purchase price | Total Checkouts | Full call number | Barcode | Date last seen | Price effective from | Koha item type |
|---|---|---|---|---|---|---|---|---|---|---|---|---|---|
| South Mansfield College | South Mansfield College | Reference Section | 06/01/2020 | 409.00 | REF PC 4828 .L57 2009 | SMC05520 | 06/01/2020 | 06/01/2020 | Books |